000 00391nam a2200145Ia 4500
008 230411s9999 xx 000 0 und d
020 _a978-81-312-3991-10
041 _aeng
082 _aAD/610.6/CLE/B08918
100 _aClement I
_9119826
245 _aManagement of Nursing Services and Education
260 _bElsevier
_aNew Delhi
_c2011
300 _a551
999 _c158308
_d158308